00821nam a2200229 i 4500001000700000003000900007005001700016007000300033008004100036080003100077100002700108245009700135260004100232300003100273490003700304600004200341610004900383655004000432710004000472830003900512852004000551106496ES-MaACL20250928124014.0t|061124s1975 sp ||||1| spa d a730 Jerez, Concha (083.82)1 aJerez, Concha, d1941-10aConcha Jerez Tiana b: [exposición, Sala del Prado del Ateneo de Madrid, octubre de 1975]. aMadrid : bAteneo de Madrid, c1975. a[10] p. : bil. ; c26 cm.1 aAteneo de Madrid. Sala del Prado14aJerez, Concha, d1941- vExposiciones27aAteneo de Madrid-vExposiciones-y1970-1979. 72tgfbneaCatálogos de exposiciones2 aAteneo de Madrid. bSala del Prado.00aAteneo de Madrid. pSala del Prado aES-MaACLj2209-F-8bR.138255cDEPOF